Score 0/13 Timer 02:00
0 Plays Today
Clue 4-Letter Word % Correct
☼ Falling water ☼RAIN
98.1%
Road for trainsRAIL
93.4%
☼ Falling ice ☼HAIL
93.2%
☼ Stream of air ☼WIND
85.5%
UntamedWILD
85.4%
Side of a buildingWALL
83.6%
PassagewayHALL
81.1%
BrainMIND
80.6%
☼ Strong wind ☼GUST
80.2%
☼ Watery haze ☼MIST
78.3%
Breath enhancerMINT
77.2%
The power withinWILL
74%
Main point or partGIST
67.6%

Today's Daily Dose

Remove Ads.
Support Sporcle.
Get the best of Sporcle when you Go Orange. This ad-free experience offers more features, more stats, and more fun while also helping to support Sporcle. Thank you for becoming a member.

You're not logged in!

Compare scores with friends on all Sporcle quizzes.
OR
Log In

Show Comments

Extras

Top Quizzes Today


Score Distribution

Your Account Isn't Verified!

In order to create a playlist on Sporcle, you need to verify the email address you used during registration. Go to your Sporcle Settings to finish the process.

Report this User

Report this user for behavior that violates our Community Guidelines.

Details: